000 00303cam a22000977a 4500
008 180718b1953 xxu||||| |||| 00| 0 eng d
082 _aH1x5421 Ut86
245 _aThe Uttar Pradesh higher judicial service rules, 1953
260 _aAllahabad
_bSuperintendent, Printing and Stationery
_c1953
300 _a16+p.
999 _c397598
_d397598